000 00719cam a22002533a 4500
001 17425
003 PGUSA
005 20140828083354.0
008 060131s2006||||xxu|||||s|||||000 | eng d
040 _aPGUSA
_beng
042 _adc
050 4 _aPS
100 1 _aPoe, Edgar Allan,
_d1809-1849
245 1 0 _aLa Falo de Uŝero-Domo
_h[electronic resource] /
_cEdgar Allan Poe
260 _bProject Gutenberg,
_c2006
506 _aPublic domain in the USA.
516 _aElectronic text
653 _aHorror tales
700 1 _aGrobe, Edwin,
_d1927-
740 0 _aThe Fall of the House of Usher. Esperanto
830 0 _aProject Gutenberg
_v17425
856 4 0 _uhttp://www.gutenberg.org/ebooks/17425
942 _cEB
999 _c246680
_d246680